Critical essays on Julian Schutting (Запись № 3126935)

Подробности
000 -МАРКЕР
контрольное поле 01375nam0a2200349 4500
001 - ИДЕНТИФИКАТОР ЗАПИСИ
контрольное поле RU\NLR\b_ik\134433
005 - ИДЕНТИФИКАТОР ВЕРСИИ
контрольное поле 20250616225702.0
010 ## - МЕЖДУНАРОДНЫЙ СТАНДАРТНЫЙ НОМЕР КНИГИ (ISBN)
Номер (ISBN) 1-57241-095-7
Уточнения paperback original
035 ## - ДРУГИЕ СИСТЕМНЫЕ НОМЕРА
Идентификатор записи (NLR Aleph) 002207744
100 ## - ДАННЫЕ ОБЩЕЙ ОБРАБОТКИ
Данные общей обработки 20050912d2000 |||y0rusy50 ca
101 0# - ЯЗЫК РЕСУРСА
Язык текста, звукозаписи и т.д. английский
102 ## - СТРАНА ПУБЛИКАЦИИ ИЛИ ПРОИЗВОДСТВА
Страна публикации российская федерация
105 ## - ПОЛЕ КОДИРОВАННЫХ ДАННЫХ: ТЕКСТОВЫЕ МАТЕРИАЛЫ, МОНОГРАФИЧЕСКИЕ
Кодированные данные о монографическом текстовом документе y |||||||||
200 1# - ЗАГЛАВИЕ И СВЕДЕНИЯ ОБ ОТВЕТСТВЕННОСТИ
Основное заглавие Critical essays on Julian Schutting
Первые сведения об ответственности ed. by Harriet Murphy
210 ## - ПУБЛИКАЦИЯ, РАСПРОСТРАНЕНИЕ И ДР.
Место издания, распространения и т.д. Riverside (Calif.)
Имя издателя, распространителя и т. д. Ariadne press
Дата издания, распространения и т.д. cop. 2000
215 ## - ФИЗИЧЕСКАЯ ХАРАКТЕРИСТИКА
Специфическое обозначение материала и объем 211 c.
Размеры 21
225 1# - СЕРИЯ
Основное заглавие серии Studies in Austrian literature, culture, and thought
320 ## - ПРИМЕЧАНИЯ О НАЛИЧИИ В ДОКУМЕНТЕ БИБЛИОГРАФИИ / УКАЗАТЕЛЯ
Текст примечания Библиогр. в примеч. в конце ст.
320 ## - ПРИМЕЧАНИЯ О НАЛИЧИИ В ДОКУМЕНТЕ БИБЛИОГРАФИИ / УКАЗАТЕЛЯ
Текст примечания "Books by Schutting": c. 205-206
320 ## - ПРИМЕЧАНИЯ О НАЛИЧИИ В ДОКУМЕНТЕ БИБЛИОГРАФИИ / УКАЗАТЕЛЯ
Текст примечания Указ.: с. 208-211
541 0# - ПЕРЕВОД ЗАГЛАВИЯ, СДЕЛАННЫЙ КАТАЛОГИЗАТОРОМ
Заглавие Критические очерки о творчестве австрийского писателя Юлиана Шуттинга
Язык заглавия русский
600 01 - ИМЯ ЛИЦА КАК ПРЕДМЕТ
Начальный элемент ввода Schutting
Часть имени, кроме начального элемента ввода J.
Даты 1937-
Расширение инициалов личного имени Julian
Код системы psbo
600 01 - ИМЯ ЛИЦА КАК ПРЕДМЕТ
Начальный элемент ввода Шуттинг
Часть имени, кроме начального элемента ввода Ю.
Даты 1937
Расширение инициалов личного имени Юлиан
Системный номер авторитетной/нормативной записи 2401667
Идентификатор авторитетной/нормативной записи RU\NLR\AUTH\661431563
606 1# - НАИМЕНОВАНИЕ ТЕМЫ КАК ПРЕДМЕТ
Наименование темы Schutting,Julian,1937-Criticism and interpretation
Код системы lcsh
676 ## - ДЕСЯТИЧНАЯ КЛАССИФИКАЦИЯ ДЬЮИ (DDC/ДКД)
Индекс 838'.91409
Издание 21
686 4# - ИНДЕКСЫ ДРУГИХ КЛАССИФИКАЦИЙ
Индекс Ш5(4А)6-4Шуттинг
702 #1 - ИМЯ ЛИЦА - ВТОРИЧНАЯ ОТВЕТСТВЕННОСТЬ
Начальный элемент ввода Murphy
Часть имени, кроме начального элемента ввода H.
Даты 1960-
Расширение инициалов личного имени Harriet
Код отношения Редактор
801 #0 - ИСТОЧНИК ЗАПИСИ
Страна российская федерация
Организация NLR
Дата составления 20050912
Правила каталогизации PSBO
942 ## - ДОПОЛНИТЕЛЬНЫЕ ЭЛЕМЕНТЫ ЗАПИСИ (АБИС)
Тип экземпляра АБИС Книга
980 ## - КОЛЛЕКЦИЯ
Название коллекции Национальная библиография
Экземпляры
Тип экземпляра Дата поступления Источник поступления Стоимость Библиотека постоянного хранения Библиотека текущего хранения Место хранения Шифр хранения Штрих-код Статус не для выдачи Публичное примечание
Книга 12.09.2005 Международный обмен 300.00 РНБ (Московский) РНБ (Московский) Иностранный книжный фонд Ик 2005-3/1138 1043858   ;